| 000 | 00554nam a2200193 a 4500 | ||
|---|---|---|---|
| 001 | 1310 | ||
| 005 | 20140414131923.0 | ||
| 008 | 020412s19uu xx 00 eng d | ||
| 020 | _a962-291-069-6 | ||
| 050 |
_aER _bW63 1991 |
||
| 100 | _aVickers, Kath | ||
| 245 |
_aA wizard came to visit / _cstory by Kath Vickers ; illustrations by Susan Moxley. |
||
| 260 |
_aHong Kong : _bApplecross, _c1991. |
||
| 300 | _a24 p. : ill. ; cm. | ||
| 440 | _aSunshine books | ||
| 650 |
_aWizard _xFiction. |
||
| 650 |
_aChildren stories _xFiction. |
||
| 999 |
_c111848 _d111848 |
||